Evidence-Based Policy Making for Youth Well-Being: a Toolkit

Gespeichert in:
Bibliographische Detailangaben
Format: Buch
Sprache:Englisch
Veröffentlicht: Paris OECD 2017
Schriftenreihe:OECD Development Policy Tools
Schlagworte:
Tags: Tag hinzufügen
Keine Tags, Fügen Sie das erste Tag hinzu!

MARC

LEADER 00000nam a2200000 4500
001 0241610
005 20240314122924.1
020 |a 978-92-64-28387-9 
041 0 |a eng 
044 |a FR 
245 1 0 |a Evidence-Based Policy Making for Youth Well-Being: a Toolkit 
264 1 |a Paris  |b OECD  |c 2017 
300 |a 160 s. 
490 1 |a OECD Development Policy Tools 
830 0 |a OECD Development Policy Tools 
610 2 0 |a blahobyt 
610 2 0 |a úroveň životná 
610 2 0 |a mládež 
610 2 0 |a zamestnanosť 
610 2 0 |a vzdelávanie 
610 2 0 |a zručnosti 
610 2 0 |a investovanie 
610 2 0 |a politika rozvojová 
610 2 0 |a tvorba politík